Statistics for Carolina Hurricanes Points Leaders by Season

Click here to take the quiz!

General Stats

  • This quiz has been taken 11 times
    (4 since last reset)
  • The average score is 20 of 26

Answer Stats

SeasonPointsAnswer% Correct
2010-201176Eric Staal
100%
2014-201554Eric Staal
100%
2012-201353Eric Staal
100%
2011-201270Eric Staal
100%
2009-201070Eric Staal
100%
2007-200882Eric Staal
100%
2005-2006100Eric Staal
100%
2013-201461Eric Staal
100%
2001-200277Ron Francis
100%
1999-200073Ron Francis
100%
2018-201983Sebastian Aho
100%
2019-202066Sebastian Aho
100%
2017-201865Sebastian Aho
100%
2020-202157Sebastian Aho
100%
2021-202281Sebastian Aho
100%
2016-201763Jeff Skinner
75%
2015-201651Jeff Skinner
75%
2022-202371Martin Necas
75%
2008-200977Ray Whitney
50%
2006-200783Ray Whitney
50%
1997-199863Sami Kapanen
50%
2002-200361Jeff O'Neill
25%
2000-200167Jeff O'Neill
25%
2003-200445Josef Vasicek
25%
1997-199863Keith Primeau
25%
1998-199962Keith Primeau
25%

Score Distribution

Percentile by Number Answered

Percent of People with Each Score

Your Score History

You have not taken this quiz since the last reset